000 00723nam a2200289Ia 4500
005 20260324115203.0
008 008 260324s9999 xx 000 0 eng d
020 _a9780429026584
037 _aEBOOK
040 _aCRL
040 _beng
040 _cCRL
041 _2eng
041 _aeng
084 _qCRL
100 _aPathik Kumbhakar; Tarun Kumar Gangopadhyay; Mrinal Kanti Mandal
_91153697
245 0 _aPhotonics and Fiber Optics
245 0 _bFoundations and Applications
260 _bTaylor and Francis
260 _c2019
365 _a
365 _b320
856 _uhttp://www.taylorfrancis.com/books/9780429026584
942 _cEBOOK
999 _c1744393
_d1744393